Basic statistics for business and economics / (Record no. 29694)
[ view plain ]
| 000 -LEADER | |
|---|---|
| fixed length control field | 01213 a2200253 4500 |
| 020 ## - INTERNATIONAL STANDARD BOOK NUMBER | |
| International Standard Book Number | 0072471042 |
| 020 ## - INTERNATIONAL STANDARD BOOK NUMBER | |
| International Standard Book Number | 9780072471045 |
| 082 ## - DEWEY DECIMAL CLASSIFICATION NUMBER | |
| Classification number | 519.5 |
| 090 ## - LOCALLY ASSIGNED LC-TYPE CALL NUMBER (OCLC); LOCAL CALL NUMBER (RLIN) | |
| -- | 1077 |
| -- | 1077 |
| 100 1# - MAIN ENTRY--PERSONAL NAME | |
| Personal name | Lind, Douglas A. |
| 245 10 - TITLE STATEMENT | |
| Title | Basic statistics for business and economics / |
| Statement of responsibility, etc. | Douglas A. Lind, William G. Marchal, Samuel Adam Wathen. |
| 250 ## - EDITION STATEMENT | |
| Edition statement | 4th ed. |
| 260 ## - PUBLICATION, DISTRIBUTION, ETC. | |
| Place of publication, distribution, etc. | [S.l.] : |
| Name of publisher, distributor, etc. | Mcgraw-Hill (Tx), |
| Date of publication, distribution, etc. | 2003. |
| 300 ## - PHYSICAL DESCRIPTION | |
| Extent | 552 p. ; |
| Dimensions | 26 cm. |
| 490 1# - SERIES STATEMENT | |
| Series statement | Mcgraw-hill/irwin series operations and decision sciences. |
| 700 1# - ADDED ENTRY--PERSONAL NAME | |
| Personal name | Marchal, William G. |
| 700 1# - ADDED ENTRY--PERSONAL NAME | |
| Personal name | Wathen, Samuel Adam. |
| 830 #0 - SERIES ADDED ENTRY--UNIFORM TITLE | |
| Uniform title | Mcgraw-hill/irwin series operations and decision sciences. |
| 942 ## - ADDED ENTRY ELEMENTS (KOHA) | |
| Institution code [OBSOLETE] | SNS |
| Koha item type | Book |
| Call number prefix | 519.5 LIN |
| Withdrawn status | Lost status | Damaged status | Not for loan | Permanent Location | Current Location | Date acquired | Total Checkouts | Full call number | Barcode | Date last seen | Price effective from | Koha item type | Date last checked out | Source of classification or shelving scheme | Collection code | Shelving location | Total Renewals | Checked out |
|---|---|---|---|---|---|---|---|---|---|---|---|---|---|---|---|---|---|---|
| Central Library (CL) | Central Library (CL) | 08/02/2018 | 10 | 519.5 LIN 2003 | NBSD-2998 | 10/24/2023 | 08/02/2018 | Book | 10/24/2023 | General Stacks | 4 | 11/23/2023 | ||||||
| School of Natural Sciences (SNS) | School of Natural Sciences (SNS) | 05/26/2016 | 519.5 LIN | SNS0001576 | 05/26/2016 | 05/26/2016 | Book | |||||||||||
| School of Natural Sciences (SNS) | School of Natural Sciences (SNS) | 05/26/2016 | 1 | 519.5 LIN | SNS0001577 | 08/03/2022 | 05/26/2016 | Book | 03/13/2019 | |||||||||
| School of Natural Sciences (SNS) | School of Natural Sciences (SNS) | 05/26/2016 | 2 | 519.5 LIN | SNS0001578 | 11/20/2020 | 05/26/2016 | Book | 02/06/2020 | |||||||||
| School of Natural Sciences (SNS) | School of Natural Sciences (SNS) | 05/26/2016 | 1 | 519.5 LIN | SNS0001579 | 08/03/2022 | 05/26/2016 | Book | 02/21/2019 |
